000 00444nam a22001697a 4500
003 NUST - PNEC
005 20170116181144.0
008 151008b xxu||||| |||| 00| 0 eng d
020 _a9693505387
040 _cLIBRARY
082 _a801.01 AMJ
100 _914845
_aAmjad Islam Amjad
245 _aSapnay baat nahen karte (Urdu)
_cAmjad Islam Amjad
260 _c1997
650 _91659
_aUrdu Adab, Literature
_xGeneral
942 _2ddc
_cBK
999 _c70602
_d70602